[Event "Drienica Saris op"]
[Site "Drienica"]
[Date "2020.08.07"]
[Round "1"]
[White "Magda, Juraj"]
[Black "Dujava, Daniel"]
[Result "0-1"]
[WhiteElo "1261"]
[BlackElo "1942"]
[PlyCount "42"]
[EventDate "2020.08.07"]
[EventType "swiss"]
[EventRounds "9"]
[EventCountry "SVK"]
[SourceTitle "CBM 197 Extra"]
[Source "ChessBase"]
[SourceDate "2020.09.30"]
[SourceVersion "1"]
[SourceVersionDate "2020.09.30"]
[SourceQuality "1"]

1. e4 e6 2. d4 d5 3. exd5 exd5 4. Nf3 Bd6 5. Nc3 Ne7 6. Be2 0-0 7. Bg5 c6 8. Qd2 Re8 9. 0-0-0 b5 10. h4 a5 11. Rdg1 a4 12. a3 b4 13. axb4 Bxb4 14. h5 a3 15. Qd3 axb2+ 16. Kxb2 Ba3+ 17. Ka1 Qa5 18. Na2 Ba6 19. Qe3 Bxe2 20. h6 Bd6 21. Qb3 Bc4 0-1

[Event "SVK-chT1W 1920"]
[Site "Slovakia"]
[Date "2020.01.25"]
[Round "7.4"]
[White "Dujava, Daniel"]
[Black "Ruckschloss, Karol"]
[Result "0-1"]
[WhiteElo "2112"]
[BlackElo "2209"]
[PlyCount "80"]
[EventDate "2019.10.12"]
[EventType "team-tourn"]
[EventRounds "11"]
[EventCountry "SVK"]
[SourceTitle "CBM 194 Extra"]
[Source "ChessBase"]
[SourceDate "2020.03.31"]
[SourceVersion "1"]
[SourceVersionDate "2020.03.31"]
[SourceQuality "1"]
[WhiteTeam "Bratislava Lokomotiva"]
[BlackTeam "Bratislava Slovan III"]
[WhiteTeamCountry "SVK"]
[BlackTeamCountry "SVK"]

1. e4 d6 2. d4 Nf6 3. Nc3 g6 4. Be3 c6 5. h3 b5 6. e5 dxe5 7. dxe5 Qxd1+ 8. Rxd1 Nfd7 9. f4 Bh6 10. Nf3 f6 11. exf6 exf6 12. Ne4 0-0 13. Nd6 Nb6 14. Nxc8 Rxc8 15. g3 Na6 16. Bxb6 axb6 17. a3 Bf8 18. Kf2 Nc5 19. Bd3 Na4 20. Rb1 Ra7 21. f5 g5 22. Kg2 Rd7 23. Rhe1 Kf7 24. h4 g4 25. Ng1 Nc5 26. Rbd1 Rcd8 27. Be2 Rd2 28. Kf2 h5 29. Ke3 Bh6+ 30. Kf2 R8d5 31. Rxd2 Bxd2 32. Rd1 Rxf5+ 33. Kg2 Ne4 34. Rf1 Rxf1 35. Bxf1 Bc1 36. b3 Bxa3 37. Bd3 f5 38. Ne2 Bd6 39. Bxe4 fxe4 40. Nd4 e3 0-1

[Event "SVK-chT1W 1920"]
[Site "Slovakia"]
[Date "2019.11.09"]
[Round "3.2"]
[White "Dujava, Daniel"]
[Black "Farkas, Gabor"]
[Result "0-1"]
[WhiteElo "2124"]
[BlackElo "2363"]
[PlyCount "96"]
[EventDate "2019.10.12"]
[EventType "team-tourn"]
[EventRounds "11"]
[EventCountry "SVK"]
[SourceTitle "CBM 193 Extra"]
[Source "ChessBase"]
[SourceDate "2020.01.31"]
[SourceVersion "1"]
[SourceVersionDate "2020.01.31"]
[SourceQuality "1"]
[WhiteTeam "Bratislava Lokomotiva"]
[BlackTeam "Gabcikovo MSK"]
[WhiteTeamCountry "SVK"]
[BlackTeamCountry "SVK"]

1. e4 c5 2. Nf3 d6 3. d4 cxd4 4. Nxd4 Nf6 5. Nc3 a6 6. Bc4 e6 7. Bb3 Be7 8. g4 h6 9. Be3 Nc6 10. Rg1 Qa5 11. Nxc6 bxc6 12. Qf3 d5 13. 0-0-0 Bb7 14. h4 Nd7 15. g5 hxg5 16. hxg5 Nc5 17. Bxc5 Qxc5 18. g6 f6 19. exd5 exd5 20. Rge1 0-0-0 21. Na4 Qd6 22. c4 Kb8 23. c5 Qc7 24. Re2 f5 25. Qxf5 Bc8 26. Qf7 Bg5+ 27. Kb1 Bg4 28. Ree1 Rd7 29. Re8+ Rxe8 30. Qxe8+ Rd8 31. Qe1 Bxd1 32. Qxd1 Qf4 33. Qe1 Qe4+ 34. Qxe4 dxe4 35. Nc3 e3 36. fxe3 Bxe3 37. Na4 Rh8 38. Bc4 a5 39. Kc2 Rh5 40. Kd3 Bxc5 41. b3 Kc7 42. Nxc5 Rxc5 43. a4 Kd6 44. Kd4 Rg5 45. Bf7 Rg4+ 46. Kc3 Kc5 47. Be8 Rg3+ 48. Kb2 Kb4 0-1

[Event "SVK-chT2D 1617"]
[Site "Slovakia"]
[Date "2016.12.04"]
[Round "6.3"]
[White "Vorovic, Arkadij"]
[Black "Dujava, Daniel"]
[Result "1/2-1/2"]
[WhiteElo "2117"]
[BlackElo "1899"]
[PlyCount "89"]
[EventDate "2016.10.08"]
[EventType "team-tourn"]
[EventRounds "11"]
[EventCountry "SVK"]
[SourceTitle "EXT 2018"]
[Source "ChessBase"]
[SourceDate "2017.10.13"]
[SourceVersion "1"]
[SourceVersionDate "2017.10.13"]
[SourceQuality "1"]
[WhiteTeam "Velke Kapusany"]
[BlackTeam "Sabinov II"]
[WhiteTeamCountry "SVK"]
[BlackTeamCountry "SVK"]

1. d4 Nf6 2. Nf3 e6 3. c4 b6 4. g3 Ba6 5. Qa4 c6 6. Nc3 b5 7. cxb5 cxb5 8. Nxb5 Qb6 9. e3 Bb7 10. Be2 Bc6 11. d5 Nxd5 12. Nfd4 Bb7 13. 0-0 Be7 14. e4 Nf6 15. Be3 Qd8 16. Rac1 Nc6 17. Rfd1 Rc8 18. Nxa7 Nxa7 19. Qxa7 Bxe4 20. Rxc8 Qxc8 21. Rc1 Qb7 22. Qxb7 Bxb7 23. Rc7 Bd5 24. Rc8+ Bd8 25. Nb5 0-0 26. Bc5 Be7 27. Rxf8+ Kxf8 28. Bxe7+ Kxe7 29. a4 d6 30. a5 Nd7 31. b4 Nb8 32. Na7 Nc6 33. Nxc6+ Bxc6 34. b5 Bd5 35. b6 Kd7 36. Bb5+ Kc8 37. a6 e5 38. Kf1 f5 39. Ke2 h6 40. Bd3 f4 41. gxf4 exf4 42. Bf5+ Kb8 43. Kd3 Bg2 44. Be4 Bf1+ 45. Kd4 1/2-1/2

[Event "SVK-chT2D 1516"]
[Site "Slovakia"]
[Date "2016.03.13"]
[Round "11.4"]
[White "Dujava, Daniel"]
[Black "Panko, Eduard"]
[Result "1/2-1/2"]
[WhiteElo "1863"]
[BlackElo "1956"]
[PlyCount "43"]
[EventDate "2015.10.17"]
[EventType "team-tourn"]
[EventRounds "11"]
[EventCountry "SVK"]
[SourceTitle "EXT 2017"]
[Source "ChessBase"]
[SourceDate "2016.10.25"]
[SourceVersion "1"]
[SourceVersionDate "2016.10.25"]
[SourceQuality "1"]
[WhiteTeam "Sabinov II"]
[BlackTeam "Bardejov II"]
[WhiteTeamCountry "SVK"]
[BlackTeamCountry "SVK"]

1. e4 d6 2. d4 Nf6 3. Nc3 c6 4. Nf3 Qa5 5. Bd2 e5 6. Bc4 Be7 7. 0-0 Qc7 8. a4 0-0 9. Qe2 Bg4 10. d5 Nbd7 11. a5 a6 12. Be3 Rac8 13. dxc6 Qxc6 14. Bd5 Nxd5 15. Nxd5 Rfe8 16. c3 Nf6 17. Nxf6+ Bxf6 18. Bb6 d5 19. Rfe1 dxe4 20. Qxe4 Bxf3 21. gxf3 Re6 22. Rad1 1/2-1/2

[Event "SVK-chT2D 1213"]
[Site "Slovakia"]
[Date "2012.10.14"]
[Round "2.8"]
[White "Dujava, Daniel"]
[Black "Pacholsky, Martin"]
[Result "0-1"]
[WhiteElo "1897"]
[BlackElo "1970"]
[PlyCount "58"]
[EventDate "2012.10.13"]
[EventType "team-tourn"]
[EventRounds "11"]
[EventCountry "SVK"]
[SourceTitle "EXT 2015"]
[Source "ChessBase"]
[SourceDate "2014.11.20"]
[SourceVersion "1"]
[SourceVersionDate "2014.11.20"]
[SourceQuality "1"]
[WhiteTeam "Sabinov II"]
[BlackTeam "Margecany"]
[WhiteTeamCountry "SVK"]
[BlackTeamCountry "SVK"]

1. e4 e6 2. d4 d5 3. Nc3 Nf6 4. e5 Nfd7 5. f4 c5 6. Nf3 Nc6 7. Be3 Qb6 8. Na4 Qa5+ 9. c3 cxd4 10. b4 Qc7 11. Nxd4 Nxd4 12. Qxd4 Be7 13. Nb2 f6 14. Nd3 fxe5 15. fxe5 0-0 16. Be2 b5 17. a4 bxa4 18. Rxa4 Nb6 19. Ra2 Bd7 20. Bg4 Rfc8 21. Nf4 Bg5 22. 0-0 Bxf4 23. Rxf4 Nc4 24. Rxa7 Rxa7 25. Qxa7 Qxe5 26. Qxd7 Qxe3+ 27. Rf2 Ra8 28. Qxe6+ Kh8 29. Qxd5 Ra1+ 0-1

[Event "Bratislava Slovan op"]
[Site "Bratislava"]
[Date "2012.04.28"]
[Round "1"]
[White "Dujava, Daniel"]
[Black "Kleman, Miroslav"]
[Result "0-1"]
[WhiteElo "1823"]
[BlackElo "2202"]
[PlyCount "54"]
[EventDate "2012.04.28"]
[EventType "swiss"]
[EventRounds "9"]
[EventCountry "SVK"]
[SourceTitle "EXT 2023"]
[Source "ChessBase"]
[SourceDate "2022.10.05"]
[SourceVersion "1"]
[SourceVersionDate "2022.10.05"]
[SourceQuality "1"]

1. e4 d6 2. d4 Nf6 3. Nc3 e5 4. Nf3 Nbd7 5. Bc4 Be7 6. 0-0 c6 7. a4 h6 8. Re1 Qc7 9. b3 Nf8 10. h3 g5 11. Bb2 Ng6 12. Qd3 Nh5 13. Ne2 Rg8 14. dxe5 dxe5 15. Qc3 a5 16. Nxe5 Bf6 17. Qf3 Nxe5 18. Qxh5 Rg6 19. Ng3 Nxc4 20. Bxf6 Rxf6 21. bxc4 Qe5 22. Nf5 Rg6 23. Rad1 Bd7 24. Nxh6 Qh8 25. Rd6 Rxd6 26. Qxf7+ Kd8 27. Ng8 Qc3 0-1

[Event "SVK-chT1E 1112"]
[Site "Slovakia"]
[Date "2012.03.04"]
[Round "11.5"]
[White "Dujava, Daniel"]
[Black "Galvanek, Ladislav"]
[Result "1/2-1/2"]
[WhiteElo "1823"]
[BlackElo "1987"]
[PlyCount "93"]
[EventDate "2011.10.15"]
[EventType "team-tourn"]
[EventRounds "11"]
[EventCountry "SVK"]
[SourceTitle "EXT 2013"]
[Source "ChessBase"]
[SourceDate "2012.11.22"]
[SourceVersion "1"]
[SourceVersionDate "2012.11.22"]
[SourceQuality "1"]
[WhiteTeam "Sabinov II"]
[BlackTeam "Kysucke Nove Mesto"]
[WhiteTeamCountry "SVK"]
[BlackTeamCountry "SVK"]

1. e4 Nf6 2. e5 Nd5 3. d4 d6 4. c4 Nb6 5. exd6 exd6 6. Nc3 Be7 7. Bd3 0-0 8. Nge2 Nc6 9. h3 Re8 10. 0-0 Bf6 11. Be3 d5 12. c5 Nc4 13. Bxc4 dxc4 14. Qa4 Bg5 15. Qxc4 Bxe3 16. fxe3 Be6 17. d5 Ne5 18. Qf4 Bd7 19. Rad1 f6 20. e4 a5 21. Nd4 Qe7 22. d6 cxd6 23. Nd5 Qd8 24. cxd6 Re6 25. Ne7+ Rxe7 26. dxe7 Qxe7 27. Rc1 Rd8 28. Rfd1 Qb4 29. Qf2 Re8 30. Qd2 Qb6 31. Kh1 a4 32. Rc2 Nc6 33. Nf5 Be6 34. Qd6 Bxa2 35. Qd7 Bf7 36. Nd6 Rf8 37. Rcd2 Bb3 38. Rg1 Ne5 39. Qxb7 Qe3 40. Qb4 Nd3 41. Qc3 Nf2+ 42. Kh2 Qxc3 43. bxc3 Rd8 44. Kg3 Rxd6 45. Rxf2 a3 46. Ra1 a2 47. Raxa2 1/2-1/2

[Event "SVK-chT1E 1112"]
[Site "Slovakia"]
[Date "2012.01.08"]
[Round "7.7"]
[White "Dujava, Daniel"]
[Black "Hujo, Jozef"]
[Result "0-1"]
[WhiteElo "1823"]
[BlackElo "2057"]
[PlyCount "108"]
[EventDate "2011.10.15"]
[EventType "team-tourn"]
[EventRounds "11"]
[EventCountry "SVK"]
[SourceTitle "EXT 2013"]
[Source "ChessBase"]
[SourceDate "2012.11.22"]
[SourceVersion "1"]
[SourceVersionDate "2012.11.22"]
[SourceQuality "1"]
[WhiteTeam "Sabinov II"]
[BlackTeam "Michalovce Zemplin"]
[WhiteTeamCountry "SVK"]
[BlackTeamCountry "SVK"]

1. e4 e6 2. d4 d5 3. Nc3 Nf6 4. e5 Nfd7 5. f4 c5 6. Nf3 Nc6 7. Be3 cxd4 8. Nxd4 Bc5 9. Qd2 0-0 10. 0-0-0 Nxd4 11. Bxd4 Bxd4 12. Qxd4 Qb6 13. Qxb6 Nxb6 14. Nb5 Bd7 15. Nd4 Rac8 16. b3 Rc7 17. Be2 Nc8 18. Rhf1 Ne7 19. Kb2 Rfc8 20. Rd2 a6 21. Rf3 Nc6 22. Rc3 Kf8 23. a4 Ke7 24. Nxc6+ Bxc6 25. g3 f6 26. Rd4 a5 27. Bd1 fxe5 28. fxe5 Be8 29. Rxc7+ Rxc7 30. Kc1 Bg6 31. Rf4 b6 32. Kd2 Rc5 33. c3 Bf5 34. g4 Bg6 35. h4 h6 36. g5 hxg5 37. hxg5 Rc8 38. Bc2 Rh8 39. Bd1 Rh3 40. Be2 Bf5 41. Rf3 Rh4 42. Rg3 Kf7 43. c4 d4 44. Bd3 Rh2+ 45. Kc1 Kg6 46. Bxf5+ Kxf5 47. Rf3+ Ke4 48. Rf7 Ke3 49. Rf1 d3 50. Rd1 Kd4 51. Rd2 Rh1+ 52. Rd1 Rxd1+ 53. Kxd1 Kc3 54. Kc1 Kxb3 0-1

[Event "SVK-chT1E 1112"]
[Site "Slovakia"]
[Date "2011.10.16"]
[Round "2.3"]
[White "Toma, Rudolf"]
[Black "Dujava, Daniel"]
[Result "1-0"]
[WhiteElo "2083"]
[BlackElo "1889"]
[PlyCount "57"]
[EventDate "2011.10.15"]
[EventType "team-tourn"]
[EventRounds "11"]
[EventCountry "SVK"]
[SourceTitle "EXT 2013"]
[Source "ChessBase"]
[SourceDate "2012.11.22"]
[SourceVersion "1"]
[SourceVersionDate "2012.11.22"]
[SourceQuality "1"]
[WhiteTeam "Sklene Patriots CC"]
[BlackTeam "Sabinov II"]
[WhiteTeamCountry "SVK"]
[BlackTeamCountry "SVK"]

1. d4 Nf6 2. c4 e6 3. Nc3 Bb4 4. Qc2 c5 5. dxc5 0-0 6. e3 Na6 7. a3 Bxc3+ 8. Qxc3 Nxc5 9. b4 Nce4 10. Qc2 d5 11. c5 e5 12. Bd3 Qc7 13. h4 a5 14. Bb2 axb4 15. axb4 Rxa1+ 16. Bxa1 b6 17. c6 Re8 18. Nf3 Qd6 19. 0-0 Re6 20. b5 Nc5 21. Bf5 Re8 22. Bxc8 Rxc8 23. Bxe5 Qe6 24. Bd4 Nfe4 25. Ra1 h6 26. Ra7 f6 27. Nd2 f5 28. Nxe4 fxe4 29. Rxg7+ 1-0